000 01081cam a22003377a 4500
003 CHAP
005 20220329140315.0
008 971013s1985 r 00010 d
010 _a50124
011 _a51096
035 _a55246
040 _cCHAP
082 _a581.497
_bP4Y
100 0 0 _aPhillips, Roger.
_987834
245 1 4 _aLos arboles
260 _aBarcelona :
_bBlume,
_c1985
300 _a223 p.
_b: ilus.
490 0 _aLibros Blume de la naturaleza
590 _aBATCH-UPD
_b10
_c20130110
_lUCH01
_h0706
590 _aBATCH-UPD
_b10
_c20130111
_lUCH01
_h0002
590 _aBATCH-UPD
_b10
_c20130410
_lUCH01
_h0351
590 _aBATCH-UPD
_b10
_c20130914
_lUCH01
_h1619
590 _aCONVERSION
_b10
_c20130109
_lUCH01
_h1327
650 1 4 _aÁrboles
_xClasificación.
_982435
650 1 4 _aHojas
_xIdentificación.
_955862
830 0 _aLibros Blume de la naturaleza
_966671
901 _aBK
942 _cLIBRO
949 _a581.497 P4Y
_bBC
_cC
_d33724000496022
_eC
_gI.126365
_h65992
_i55246
_si
949 _a581.497 P4Y
_bBC
_cC
_d33724000496055
_eC
_fc.2
_gI.126366
_h65993
_i55246
_si
999 _c50124
_d50124